Strategic Management and Business Policy: (Record no. 207112)

MARC details
000 -LEADER
fixed length control field 00911nam a22002537a 4500
005 - DATE AND TIME OF LATEST TRANSACTION
control field 20241128111329.0
010 ## - LCCN (DPL NO)
LC control number ENG-142696
020 ## - INTERNATIONAL STANDARD BOOK NUMBER
Terms of availability 785.00
International Standard Book Number 9789361596124
035 ## - SYSTEM CONTROL NUMBER
System control number EN-126228
037 ## - SOURCE OF ACQUISITION
Source of stock number/acquisition DBAD
082 ## - DEWEY DECIMAL CLASSIFICATION NUMBER
Classification number 658.401
Edition number 16
100 ## - MAIN ENTRY--PERSONAL NAME
Personal name Bamford, Charles E.
245 ## - TITLE STATEMENT
Title Strategic Management and Business Policy:
Remainder of title Globalization, Innovation and Sustainability/
Statement of responsibility, etc By Charles E. Bamford...[et.al]
250 ## - EDITION STATEMENT
Edition statement 16
260 ## - PUBLICATION, DISTRIBUTION, ETC. (IMPRINT)
Place of publication, distribution, etc Uttar Pradesh
Name of publisher, distributor, etc Pearson India Education Pvt Ltd
Date of publication, distribution, etc 2025
270 ## - ADDRESS
City Uttar Pradesh
Address 1st FLoor, Berger Tower, Plot No. C-001A/2, Sector-16B, Noida
Postal code 201301
300 ## - PHYSICAL DESCRIPTION
Extent vpp.
Dimensions 25cm(pb)
Other physical details Index
500 ## - GENERAL NOTE
General note
700 ## - ADDED ENTRY--PERSONAL NAME
Personal name Hoffman, Alan N.
Relator term Author
9 (RLIN) 74186
700 ## - ADDED ENTRY--PERSONAL NAME
Personal name Wheelen, Thomas L.
Relator term Author
9 (RLIN) 74187
700 ## - ADDED ENTRY--PERSONAL NAME
Personal name Hunger, J. David
Relator term Author
9 (RLIN) 74188
700 ## - ADDED ENTRY--PERSONAL NAME
Personal name Kansal, Purva
Relator term Author
9 (RLIN) 74189
942 ## - ADDED ENTRY ELEMENTS (KOHA)
Source of classification or shelving scheme Dewey Decimal Classification
Item type English Books
Classification part 658.401
Call number suffix BAM
Edition 16
Holdings
Withdrawn status Lost status Not for loan Collection code Home library Current library Date acquired Source of acquisition Cost, normal purchase price Full call number Barcode Copy number Cost, replacement price Koha item type
      Non-fiction Sarojini Nagar Sarojini Nagar 28/11/2024 Delivery of Books Act Division 785.00 658.401 BAM EN-126228 1 785.00 English Books

© Delhi Public Library
Hit Counter
free hit counter